| 000 | 01756ntm a2200253 a 4500 | ||
|---|---|---|---|
| 001 | 75838 | ||
| 003 | BD-RjUL | ||
| 005 | 20211209082743.0 | ||
| 008 | 190723s 2014bg ||||| bm|| 00| 0 ben d | ||
| 035 | _a(BD-RjUL)76057 | ||
| 040 |
_aBD-RjUL _bben/eng _cBD-RjUL _dBD-RjUL |
||
| 041 | _aben | ||
| 082 |
_223 _a297.1226 _bRAB 2014 |
||
| 100 | 1 |
_aরহমান, আবু নোমান মুহাম্মদ মাসউদুর _9232474 |
|
| 245 | 1 | 0 |
_aবাংলা ভাষায় তাফসীর চর্চার ধারা ও প্রকৃতি: _bএকটি পর্যালোচনা (১৯০৫-২০১১) / _cআবু নোমান মুহাম্মদ মাসউদুর রহমান ; _6তত্ত্ববধায়ক :মোহা. আশরাফ উজ জামান |
| 260 |
_aরাজশাহী : _bইসলামিক স্টাডিজ বিভাগ, রাজশাহী বিশ্ববিদ্যালয়, _c২০১৪ |
||
| 300 |
_aix, ৩০৯ পাতা : _bচিত্র ; _c২৯ সেমি. |
||
| 502 | _aথিসিস (পিএইচ. ডি.) -- ইসলামিক স্টাডিজ বিভাগ, রাজশাহী বিশ্ববিদ্যালয়, ২০১৪ | ||
| 504 | _aগ্রন্থপঞ্জি: পাতা [২৯০]-৩০০ | ||
| 650 |
_aকুরআন _xব্যাখা ও সমালোচনা _xবাংলা ভাষা _y১৯০৫-২০১১ _9232476 |
||
| 650 |
_aQuran _xInterpretation and Criticism _xBengali Language _y1905-2011 _9232477 |
||
| 700 |
_aজামান, মোহা. আশরাফ উজ , তত্ত্ববধায়ক _9232475 |
||
| 942 |
_2ddc _cTHE |
||
| 999 |
_c75838 _d75838 |
||